High School Plays Quiz Stats

 Plays Quiz Updated Feb 2, 2019

     
Support Sporcle.
Go Orange.
Score 0/22 Timer 08:00
1 Play Today
Type Title % Correct
PlaysA Midsummer Night's Dream
53%
PlaysThe Crucible
47.8%
PlaysOur Town
35.2%
MusicalsGrease
31.1%
MusicalsDisney's Beauty and the Beast
27.7%
MusicalsThe Music Man
26.9%
MusicalsGuys and Dolls
23.3%
MusicalsInto the Woods
22.2%
MusicalsLittle Shop of Horrors
14.6%
MusicalsSeussical
7.7%
PlaysYou Can't Take It With You
6.5%
Type Title % Correct
MusicalsOnce Upon a Mattress
6%
MusicalsThoroughly Modern Millie
5.6%
PlaysNoises Off
5.1%
PlaysRumors
4.8%
PlaysTwelve Angry Men
4.8%
PlaysArsenic and Old Lace
4.6%
MusicalsYou're a Good Man, Charlie Brown
4.4%
PlaysAlice in Wonderland
3.5%
PlaysThe Miracle Worker
3.3%
PlaysHarvey
3.2%
PlaysThe Curious Savage
1.3%

From the Vault

Constant Consonants 'F' & 'G'

by caramba

Great galloping frogs, Batman! Looks like F and G are back.
Remove Ads.
Support Sporcle.
Get the best of Sporcle when you Go Orange. This ad-free experience offers more features, more stats, and more fun while also helping to support Sporcle. Thank you for becoming a member.

Show Comments

Extras

Top Quizzes Today


Score Distribution

Your Account Isn't Verified!

In order to create a playlist on Sporcle, you need to verify the email address you used during registration. Go to your Sporcle Settings to finish the process.

Report this User

Report this user for behavior that violates our Community Guidelines.

Details: